Building electrical systems and distribution network : an introduction / Radian Belu. (Record no. 22202)

000 -LEADER
fixed length control field 00679nam a22001817a 4500
020 ## - INTERNATIONAL STANDARD BOOK NUMBER
ISBN 9781482263510
082 ## - DEWEY DECIMAL CLASSIFICATION NUMBER
Classification number 621.31924
Item number B4539 2020
100 ## - MAIN ENTRY--AUTHOR NAME
Personal name Belu, Radian, author.
245 ## - TITLE STATEMENT
Title Building electrical systems and distribution network : an introduction / Radian Belu.
250 ## - EDITION STATEMENT
Edition statement 1st edition.
260 ## - PUBLICATION, DISTRIBUTION, ETC. (IMPRINT)
Place of publication [Place of publication not identified] :
Name of publisher CRC Press,
Year of publication 2020.
300 ## - PHYSICAL DESCRIPTION
Number of Pages xv, 589 pages :
Other physical details illustrations (some color).
490 ## - SERIES STATEMENT
Series statement Nano and Energy
500 ## - GENERAL NOTE
General note Includes reference and index.
650 ## - SUBJECT ADDED ENTRY--TOPICAL TERM
Topical Term Electric power distribution—Buildings—Design and construction—Introductory works
700 ## - ADDED ENTRY--PERSONAL NAME
Personal name Sohail Anwar, series editor.
942 ## - ADDED ENTRY ELEMENTS (KOHA)
Koha item type Electronic Books
Holdings
Source of acquisition Permanent Location Date acquired Collection code Koha item type Lost status Shelving location Withdrawn status Current Location Full call number
DonationCagayan State University - Carig Library2026-04-14E-BooksElectronic Books E-Resource Section Cagayan State University - Carig Library621.31924 B4539 2020

Cagayan State University University Library, Carig Campus
Tuguegarao City, Cagayan 3500 | www.csucarig.edu.ph

Powered by Koha